Spa town house prices have grown by over £1,000 a month since 2001 (Record no. 83827)
[ view plain ]
| 000 -LEADER | |
|---|---|
| fixed length control field | 00867cab a22001935a 4500 |
| 001 - CONTROL NUMBER | |
| control field | L155157 |
| 008 - FIXED-LENGTH DATA ELEMENTS--GENERAL INFORMATION | |
| fixed length control field | 120307e20120303xxk 000 0 eng d |
| 035 ## - SYSTEM CONTROL NUMBER | |
| System control number | (Sirsi) u155157 |
| 041 0# - LANGUAGE CODE | |
| Language code of text/sound track or separate title | eng |
| 110 2# - MAIN ENTRY--CORPORATE NAME | |
| Corporate name or jurisdiction name as entry element | Lloyds TSB |
| 9 (RLIN) | 4126 |
| 245 00 - TITLE STATEMENT | |
| Title | Spa town house prices have grown by over £1,000 a month since 2001 |
| Medium | [electronic resource} |
| 490 ## - SERIES STATEMENT | |
| Series statement | Lloyds TSB Press Release |
| Volume/sequential designation | 3 March 2012 |
| 520 ## - SUMMARY, ETC. | |
| Summary, etc. | The Lloyds TSB Spa Towns Review tracks house price movements in 18 Spa towns across England and Wales based on Land Registry data. Average house prices in Spa towns have increased by £130 000 between 2001 and 2011. |
| 590 ## - LOCAL NOTE (RLIN) | |
| Local note | KA |
| 651 #4 - SUBJECT ADDED ENTRY--GEOGRAPHIC NAME | |
| Geographic name | England and Wales |
| 690 ## - LOCAL SUBJECT ADDED ENTRY--TOPICAL TERM (OCLC, RLIN) | |
| Topical term or geographic name as entry element | Residential property |
| 9 (RLIN) | 6266 |
| 856 40 - ELECTRONIC LOCATION AND ACCESS | |
| Uniform Resource Identifier | <a href="https://www.lloydsbankinggroup.com/media/pdfs/LTSB/2012/0303_spa.pdf">https://www.lloydsbankinggroup.com/media/pdfs/LTSB/2012/0303_spa.pdf</a> |
| Public note | View this item free of charge at www.lloydsbankinggroup.com |
| 942 ## - ADDED ENTRY ELEMENTS (KOHA) | |
| Suppress in OPAC | 0 |
| Withdrawn status | Lost status | Source of classification or shelving scheme | Damaged status | Not for loan | Home library | Current library | Shelving location | Date acquired | Total Checkouts | Full call number | Barcode | Date last seen | Copy number | Price effective from | Koha item type |
|---|---|---|---|---|---|---|---|---|---|---|---|---|---|---|---|
| Dewey Decimal Classification | Virtual | Virtual | Online | 07/03/2012 | ONLINE PUBLICATION | 155157-2001 | 06/08/2019 | 1 | 06/08/2019 | Journal article |